000 00783nam a22002411 4500
001 000014319
005 20200929163554.0
008 770517s1967 mx b 000 0 spa
010 _a76221462
040 _aDO-SdBNP
_cDLC
_dDLC
043 _as-pe---
050 0 0 _aHB3575
_b.S33
100 1 _aSchaedel, Richard P.
_932295
245 1 3 _aLa demografia y los recursos humanos del sur del Peru, /
_cpor Richard P. Schaedel.
250 _a[1. ed.]
260 _aMexico, :
_bInstituto Indigenista Interamericano,
_c1967.
300 _ax, 129 p. :
_bfold. map. ;
_c19 cm.
490 1 _aSerie antropologia social, 8
651 0 _aPeru
_xPopulation.
_932296
810 2 _aInter-American Indian Institute.
_tSerie antropologia social,
_v8.
_928708
910 _aDC
082 0 0 _a301.3/29/85
999 _c13914
_d13914